[Event "Open"]
[Site "Maastricht, NL"]
[Date "2025.06.06"]
[Round "1"]
[White "Docx, Stefan"]
[Black "Heldenbergh, Nils"]
[Result "1-0"]
[Board "9"]
[WhiteFideId "200778"]
[BlackFideId "246387"]
[WhiteTitle "IM"]
[WhiteElo "2398"]
[BlackElo "2206"]
[WhiteTeam "BEL"]
[BlackTeam "BEL"]
[WhiteClock "0:11:37"]
[BlackClock "0:01:06"]
[Variant "Standard"]

1. Nf3 {[%clk 1:30:27]}  d5 {[%clk 1:30:03]} 2. c4 {[%clk 1:29:52]}  e6 {[%clk 1:30:11]} 3. g3 {[%clk 1:29:55]}  c5 {[%clk 1:30:16]} 4. cxd5 {[%clk 1:30:11]}  exd5 {[%clk 1:30:42]} 5. d4 {[%clk 1:30:28]}  Nc6 {[%clk 1:31:05]} 6. Bg2 {[%clk 1:30:48]}  Nf6 {[%clk 1:31:30]} 7. O-O {[%clk 1:31:03]}  Be7 {[%clk 1:31:56]} 8. dxc5 {[%clk 1:30:17]}  Bxc5 {[%clk 1:32:20]} 9. a3 {[%clk 1:30:31]}  Ne4 {[%clk 1:30:32]} 10. Nfd2 {[%clk 1:28:45]}  O-O {[%clk 1:23:06]} 11. Nc3 {[%clk 1:23:49]}  Nxc3 {[%clk 1:13:35]} 12. bxc3 {[%clk 1:24:06]}  Bg4 {[%clk 1:06:46]} 13. Nb3 {[%clk 1:20:46]}  Bb6 {[%clk 1:05:29]} 14. h3 {[%clk 1:21:07]}  Bf5 {[%clk 1:04:14]} 15. a4 {[%clk 1:18:43]}  Re8 {[%clk 0:59:27]} 16. Bf4 {[%clk 1:08:40]}  Rc8 {[%clk 0:54:10]} 17. Qxd5 {[%clk 0:47:23]}  Qxd5 {[%clk 0:48:50]} 18. Bxd5 {[%clk 0:47:35]}  Bxh3 {[%clk 0:47:05]} 19. Rfe1 {[%clk 0:45:30]}  Na5 {[%clk 0:42:05]} 20. Rab1 {[%clk 0:39:52]}  Be6 {[%clk 0:35:41]} 21. Bxe6 {[%clk 0:38:21]}  fxe6 {[%clk 0:31:00]} 22. Nxa5 {[%clk 0:37:13]}  Bxa5 {[%clk 0:31:26]} 23. Rxb7 {[%clk 0:37:17]}  Bxc3 {[%clk 0:31:47]} 24. Rd1 {[%clk 0:37:23]}  a5 {[%clk 0:29:08]} 25. Rdd7 {[%clk 0:25:16]}  Red8 {[%clk 0:26:37]} 26. Re7 {[%clk 0:23:19]}  Re8 {[%clk 0:25:49]} 27. Rbc7 {[%clk 0:22:29]}  Rxc7 {[%clk 0:23:17]} 28. Rxc7 {[%clk 0:22:02]}  Bb4 {[%clk 0:21:39]} 29. Kg2 {[%clk 0:22:18]}  Re7 {[%clk 0:21:17]} 30. Rxe7 {[%clk 0:20:19]}  Bxe7 {[%clk 0:21:30]} 31. Kf3 {[%clk 0:20:47]}  Kf7 {[%clk 0:18:00]} 32. Ke4 {[%clk 0:20:28]}  Bd8 {[%clk 0:13:30]} 33. Be5 {[%clk 0:18:53]}  h5 {[%clk 0:12:14]} 34. f4 {[%clk 0:17:28]}  g6 {[%clk 0:06:13]} 35. Kd3 {[%clk 0:17:05]}  g5 {[%clk 0:05:04]} 36. fxg5 {[%clk 0:16:57]}  Kg6 {[%clk 0:05:05]} 37. Bf4 {[%clk 0:16:25]}  Kf5 {[%clk 0:04:01]} 38. e4+ {[%clk 0:15:56]}  Kg6 {[%clk 0:04:16]} 39. Bd2 {[%clk 0:15:24]}  Bc7 {[%clk 0:04:33]} 40. Bf4 {[%clk 0:15:18]}  Bd8 {[%clk 0:05:03]} 41. Ke2 {[%clk 0:09:24]}  Kf7 {[%clk 0:02:36]} 42. Kf3 {[%clk 0:09:30]}  Kg6 {[%clk 0:02:44]} 43. Bd2 {[%clk 0:09:53]}  Kf7 {[%clk 0:02:05]} 44. Kg2 {[%clk 0:09:57]}  Kg6 {[%clk 0:01:50]} 45. Kh2 {[%clk 0:10:12]}  Bc7 {[%clk 0:01:34]} 46. Kh3 {[%clk 0:10:33]}  Bd8 {[%clk 0:01:45]} 47. Kh4 {[%clk 0:10:54]}  Bb6 {[%clk 0:01:58]} 48. g4 {[%clk 0:09:36]}  Bf2+ {[%clk 0:02:28]} 49. Kh3 {[%clk 0:09:57]}  Bb6 {[%clk 0:02:56]} 50. Kg3 {[%clk 0:09:58]}  Bc7+ {[%clk 0:03:06]} 51. Kh3 {[%clk 0:09:45]}  Bb6 {[%clk 0:03:31]} 52. Bf4 {[%clk 0:09:56]}  Bd8 {[%clk 0:02:56]} 53. Kh4 {[%clk 0:10:13]}  hxg4 {[%clk 0:02:58]} 54. Kxg4 {[%clk 0:10:41]}  Bb6 {[%clk 0:02:50]} 55. Bd2 {[%clk 0:10:37]}  Bd8 {[%clk 0:01:01]} 56. Bc3 {[%clk 0:11:03]}  Bc7 {[%clk 0:01:10]} 57. Bf6 {[%clk 0:11:22]}  Bb6 {[%clk 0:00:51]} 58. Kf4 {[%clk 0:11:37]}  Bc7+ {[%clk 0:01:20]} 59. Ke3 {[%clk 0:11:54]}  Bb6+ {[%clk 0:01:09]} 60. Kd3 {[%clk 0:12:16]}  Kh5 {[%clk 0:00:55]} 61. Kc4 {[%clk 0:11:12]}  Be3 {[%clk 0:00:53]} 62. Kb5 {[%clk 0:11:08]}  Bd2 {[%clk 0:00:38]} 63. Bd8 {[%clk 0:11:14]}  e5 {[%clk 0:00:40]} 64. Bxa5 {[%clk 0:11:24]}  Bxg5 {[%clk 0:01:06]} 65. Bb6 {[%clk 0:11:37]} 1-0

[Event "Open"]
[Site "Maastricht, NL"]
[Date "2025.06.06"]
[Round "1"]
[White "Visser, Henk-Jan"]
[Black "Baselmans, Luuk"]
[Result "1/2-1/2"]
[Board "10"]
[WhiteFideId "1010204"]
[BlackFideId "1051008"]
[WhiteTitle "CM"]
[BlackTitle "FM"]
[WhiteElo "2199"]
[BlackElo "2394"]
[WhiteTeam "NED"]
[BlackTeam "NED"]
[WhiteClock "0:02:20"]
[BlackClock "0:02:31"]
[Variant "Standard"]

1. d4 {[%clk 1:30:53]}  Nf6 {[%clk 1:30:48]} 2. c4 {[%clk 1:31:15]}  e6 {[%clk 1:31:08]} 3. Nc3 {[%clk 1:31:36]}  Bb4 {[%clk 1:31:11]} 4. e3 {[%clk 1:31:51]}  O-O {[%clk 1:31:04]} 5. Nf3 {[%clk 1:31:57]}  b6 {[%clk 1:28:06]} 6. Bd3 {[%clk 1:29:27]}  Bxc3+ {[%clk 1:26:45]} 7. bxc3 {[%clk 1:29:33]}  Bb7 {[%clk 1:27:05]} 8. Qc2 {[%clk 1:27:25]}  Bxf3 {[%clk 1:22:54]} 9. gxf3 {[%clk 1:27:44]}  c5 {[%clk 1:22:45]} 10. f4 {[%clk 1:17:20]}  d6 {[%clk 1:16:54]} 11. Bd2 {[%clk 1:10:39]}  Nc6 {[%clk 1:08:51]} 12. d5 {[%clk 0:50:15]}  Na5 {[%clk 1:06:19]} 13. O-O {[%clk 0:46:35]}  Qe7 {[%clk 0:59:27]} 14. Rae1 {[%clk 0:43:24]}  exd5 {[%clk 0:56:11]} 15. cxd5 {[%clk 0:42:23]}  c4 {[%clk 0:56:32]} 16. Bf5 {[%clk 0:40:23]}  g6 {[%clk 0:55:55]} 17. Bh3 {[%clk 0:40:42]}  Qe4 {[%clk 0:52:51]} 18. Qc1 {[%clk 0:36:00]}  Qxd5 {[%clk 0:50:19]} 19. Rd1 {[%clk 0:35:11]}  Qh5 {[%clk 0:48:59]} 20. Bg2 {[%clk 0:35:26]}  Rfe8 {[%clk 0:45:22]} 21. Be1 {[%clk 0:27:56]}  d5 {[%clk 0:41:35]} 22. f3 {[%clk 0:20:39]}  Nb7 {[%clk 0:40:47]} 23. Rf2 {[%clk 0:17:34]}  Nc5 {[%clk 0:40:51]} 24. Bf1 {[%clk 0:17:52]}  Re7 {[%clk 0:39:00]} 25. Bd2 {[%clk 0:18:13]}  Rae8 {[%clk 0:37:55]} 26. Be2 {[%clk 0:17:43]}  Qf5 {[%clk 0:34:00]} 27. Kh1 {[%clk 0:12:35]}  Nh5 {[%clk 0:29:24]} 28. Bf1 {[%clk 0:11:43]}  Ng7 {[%clk 0:28:44]} 29. Be2 {[%clk 0:09:00]}  Nd3 {[%clk 0:27:22]} 30. Bxd3 {[%clk 0:09:24]}  Qxd3 {[%clk 0:27:44]} 31. e4 {[%clk 0:09:02]}  d4 {[%clk 0:15:28]} 32. Be1 {[%clk 0:04:55]}  Qe3 {[%clk 0:15:52]} 33. cxd4 {[%clk 0:05:18]}  Qxc1 {[%clk 0:12:34]} 34. Rxc1 {[%clk 0:05:47]}  f5 {[%clk 0:11:52]} 35. e5 {[%clk 0:03:59]}  Ne6 {[%clk 0:11:25]} 36. Rxc4 {[%clk 0:01:58]}  Rd7 {[%clk 0:08:52]} 37. Bb4 {[%clk 0:01:13]}  b5 {[%clk 0:08:48]} 38. Rc5 {[%clk 0:00:54]}  Rxd4 {[%clk 0:07:17]} 39. Rxb5 {[%clk 0:01:10]}  Rd1+ {[%clk 0:06:13]} 40. Kg2 {[%clk 0:01:35]}  Nxf4+ {[%clk 0:06:31]} 41. Kg3 {[%clk 0:02:00]}  a6 {[%clk 0:04:37]} 42. Rb7 {[%clk 0:01:51]}  Nd3 {[%clk 0:03:46]} 43. Rd2 {[%clk 0:01:12]}  Rg1+ {[%clk 0:03:55]} 44. Rg2 {[%clk 0:01:36]}  Rxg2+ {[%clk 0:02:30]} 45. Kxg2 {[%clk 0:02:02]}  Rxe5 {[%clk 0:02:53]} 46. Bc3 {[%clk 0:01:09]}  Re2+ {[%clk 0:03:16]} 47. Kg3 {[%clk 0:01:02]}  Rxa2 {[%clk 0:02:52]} 48. Rd7 {[%clk 0:01:03]}  Nc1 {[%clk 0:02:12]} 49. Be5 {[%clk 0:01:02]}  Re2 {[%clk 0:01:45]} 50. f4 {[%clk 0:00:47]}  Re3+ {[%clk 0:00:53]} 51. Kh4 {[%clk 0:00:48]}  Nd3 {[%clk 0:00:50]} 52. Rg7+ {[%clk 0:00:45]}  Kf8 {[%clk 0:01:11]} 53. Rxh7 {[%clk 0:01:01]}  Nxe5 {[%clk 0:01:02]} 54. fxe5 {[%clk 0:01:17]}  Rxe5 {[%clk 0:01:29]} 55. Kg5 {[%clk 0:01:33]}  Re6 {[%clk 0:00:52]} 56. Ra7 {[%clk 0:01:53]}  Rc6 {[%clk 0:00:54]} 57. h4 {[%clk 0:02:03]}  Ke8 {[%clk 0:00:58]} 58. Rg7 {[%clk 0:00:54]}  Rd6 {[%clk 0:00:49]} 59. Ra7 {[%clk 0:01:11]}  Kf8 {[%clk 0:01:03]} 60. h5 {[%clk 0:00:58]}  gxh5 {[%clk 0:01:18]} 61. Kxf5 {[%clk 0:01:17]}  h4 {[%clk 0:01:04]} 62. Rh7 {[%clk 0:00:57]}  Rd4 {[%clk 0:01:27]} 63. Ra7 {[%clk 0:00:44]}  Ra4 {[%clk 0:01:33]} 64. Kf6 {[%clk 0:00:38]}  Kg8 {[%clk 0:01:06]} 65. Kg6 {[%clk 0:00:44]}  Rg4+ {[%clk 0:01:07]} 66. Kh5 {[%clk 0:00:42]}  Ra4 {[%clk 0:00:45]} 67. Kg6 {[%clk 0:01:06]}  Kf8 {[%clk 0:01:11]} 68. Kf6 {[%clk 0:01:14]}  Ke8 {[%clk 0:01:35]} 69. Ke6 {[%clk 0:01:29]}  Kd8 {[%clk 0:01:57]} 70. Kd6 {[%clk 0:01:42]}  Rd4+ {[%clk 0:01:52]} 71. Ke5 {[%clk 0:01:09]}  Ra4 {[%clk 0:02:03]} 72. Kd6 {[%clk 0:01:31]}  Kc8 {[%clk 0:02:29]} 73. Kc6 {[%clk 0:01:48]}  Kb8 {[%clk 0:02:45]} 74. Rb7+ {[%clk 0:01:37]}  Ka8 {[%clk 0:02:57]} 75. Rh7 {[%clk 0:01:46]}  Rb4 {[%clk 0:01:06]} 76. Rh8+ {[%clk 0:01:24]}  Ka7 {[%clk 0:01:28]} 77. Rh7+ {[%clk 0:01:45]}  Ka8 {[%clk 0:01:51]} 78. Rh8+ {[%clk 0:02:08]}  Rb8 {[%clk 0:02:15]} 79. Rxh4 {[%clk 0:02:19]}  Ka7 {[%clk 0:02:41]} 80. Rh7+ {[%clk 0:02:41]}  Ka8 {[%clk 0:03:04]} 81. Rh5 {[%clk 0:02:40]}  Re8 {[%clk 0:03:05]} 82. Rh7 {[%clk 0:02:20]}  Re6+ {[%clk 0:02:31]} 1/2-1/2

[Event "Open"]
[Site "Maastricht, NL"]
[Date "2025.06.06"]
[Round "1"]
[White "Elgersma, Onno"]
[Black "Terlouw, Wouter"]
[Result "1-0"]
[Board "11"]
[WhiteFideId "1053531"]
[BlackFideId "1087401"]
[WhiteTitle "FM"]
[BlackTitle "CM"]
[WhiteElo "2393"]
[BlackElo "2196"]
[WhiteTeam "NED"]
[BlackTeam "NED"]
[WhiteClock "0:02:27"]
[BlackClock "0:01:29"]
[Variant "Standard"]

1. Nf3 {[%clk 1:30:49]}  Nf6 {[%clk 1:30:51]} 2. g3 {[%clk 1:30:46]}  b5 {[%clk 1:31:01]} 3. Bg2 {[%clk 1:30:15]}  Bb7 {[%clk 1:31:21]} 4. Na3 {[%clk 1:29:53]}  a6 {[%clk 1:31:34]} 5. c4 {[%clk 1:27:15]}  b4 {[%clk 1:31:22]} 6. Nc2 {[%clk 1:27:34]}  c5 {[%clk 1:31:35]} 7. d4 {[%clk 1:22:18]}  e6 {[%clk 1:31:18]} 8. d5 {[%clk 1:18:45]}  exd5 {[%clk 1:30:56]} 9. Nh4 {[%clk 1:19:04]}  g6 {[%clk 1:27:55]} 10. O-O {[%clk 1:16:55]}  Bg7 {[%clk 1:27:11]} 11. cxd5 {[%clk 1:14:14]}  d6 {[%clk 1:26:47]} 12. Ne3 {[%clk 1:11:27]}  Nbd7 {[%clk 1:23:47]} 13. Nc4 {[%clk 1:04:25]}  Nb6 {[%clk 1:20:46]} 14. Na5 {[%clk 1:00:58]}  Bxd5 {[%clk 1:09:15]} 15. e4 {[%clk 0:58:54]}  Nc4 {[%clk 0:54:26]} 16. exd5 {[%clk 0:55:56]}  Nxa5 {[%clk 0:53:05]} 17. Qa4+ {[%clk 0:54:40]}  Nd7 {[%clk 0:51:01]} 18. Bh3 {[%clk 0:52:55]}  f5 {[%clk 0:41:32]} 19. Nxf5 {[%clk 0:44:45]}  gxf5 {[%clk 0:41:03]} 20. Bxf5 {[%clk 0:45:09]}  Nc4 {[%clk 0:35:42]} 21. Be6 {[%clk 0:27:23]}  Bf6 {[%clk 0:22:21]} 22. Bh6 {[%clk 0:22:59]}  Qc7 {[%clk 0:20:31]} 23. a3 {[%clk 0:14:15]}  Ncb6 {[%clk 0:16:42]} 24. Qc2 {[%clk 0:08:56]}  O-O-O {[%clk 0:13:30]} 25. axb4 {[%clk 0:06:21]}  cxb4 {[%clk 0:13:29]} 26. Qc6 {[%clk 0:03:04]}  Rhe8 {[%clk 0:10:52]} 27. Bh3 {[%clk 0:02:58]}  Kb8 {[%clk 0:09:46]} 28. Rxa6 {[%clk 0:03:14]}  Bd4 {[%clk 0:06:55]} 29. Rc1 {[%clk 0:02:02]}  Qxc6 {[%clk 0:02:14]} 30. dxc6 {[%clk 0:02:17]}  Rc8 {[%clk 0:01:26]} 31. cxd7 {[%clk 0:02:02]}  Rxc1+ {[%clk 0:01:22]} 32. Bxc1 {[%clk 0:02:31]}  Nxd7 {[%clk 0:01:36]} 33. Bf4 {[%clk 0:02:28]}  Ne5 {[%clk 0:00:40]} 34. Rxd6 {[%clk 0:02:42]}  Bxb2 {[%clk 0:01:02]} 35. Rb6+ {[%clk 0:02:53]}  Ka7 {[%clk 0:01:04]} 36. Rxb4 {[%clk 0:03:00]}  Nd3 {[%clk 0:01:04]} 37. Be3+ {[%clk 0:02:59]}  Ka6 {[%clk 0:01:04]} 38. Bf1 {[%clk 0:03:08]}  Ka5 {[%clk 0:01:29]} 39. Rb3 {[%clk 0:02:27]} 1-0

[Event "Open"]
[Site "Maastricht, NL"]
[Date "2025.06.06"]
[Round "1"]
[White "Tiggelman, Rene"]
[Black "Pham, Khoi"]
[Result "1/2-1/2"]
[Board "12"]
[WhiteFideId "1006185"]
[BlackFideId "1054988"]
[WhiteTitle "FM"]
[BlackTitle "IM"]
[WhiteElo "2193"]
[BlackElo "2377"]
[WhiteTeam "NED"]
[BlackTeam "NED"]
[WhiteClock "0:23:21"]
[BlackClock "0:04:39"]
[Variant "Standard"]

1. Nf3 {[%clk 1:30:56]}  d5 {[%clk 1:29:59]} 2. d4 {[%clk 1:31:15]}  Nf6 {[%clk 1:30:19]} 3. c4 {[%clk 1:31:34]}  e6 {[%clk 1:30:38]} 4. g3 {[%clk 1:31:58]}  Bb4+ {[%clk 1:30:38]} 5. Bd2 {[%clk 1:32:18]}  a5 {[%clk 1:31:03]} 6. Bg2 {[%clk 1:32:34]}  O-O {[%clk 1:31:09]} 7. O-O {[%clk 1:32:54]}  dxc4 {[%clk 1:30:36]} 8. Qc2 {[%clk 1:29:36]}  b5 {[%clk 1:27:18]} 9. a4 {[%clk 1:20:30]}  bxa4 {[%clk 1:09:47]} 10. Na3 {[%clk 1:13:44]}  Bb7 {[%clk 0:58:33]} 11. Nxc4 {[%clk 1:13:35]}  Nbd7 {[%clk 0:55:20]} 12. Rxa4 {[%clk 1:09:40]}  Be4 {[%clk 0:53:21]} 13. Qc1 {[%clk 1:09:35]}  c5 {[%clk 0:52:32]} 14. Bxb4 {[%clk 0:51:58]}  cxb4 {[%clk 0:47:08]} 15. Qa1 {[%clk 0:48:16]}  Nb6 {[%clk 0:43:45]} 16. Nxb6 {[%clk 0:48:37]}  Qxb6 {[%clk 0:44:10]} 17. Rc1 {[%clk 0:48:46]}  Bc6 {[%clk 0:37:36]} 18. Rxc6 {[%clk 0:48:37]}  Qxc6 {[%clk 0:35:04]} 19. Ne5 {[%clk 0:48:52]}  Qb5 {[%clk 0:34:44]} 20. Bxa8 {[%clk 0:49:07]}  Rxa8 {[%clk 0:35:13]} 21. Nd3 {[%clk 0:49:09]}  Nd5 {[%clk 0:35:00]} 22. Qd1 {[%clk 0:42:20]}  h6 {[%clk 0:31:55]} 23. Ra1 {[%clk 0:40:45]}  a4 {[%clk 0:30:50]} 24. Qd2 {[%clk 0:40:56]}  b3 {[%clk 0:21:12]} 25. Qc1 {[%clk 0:35:50]}  Nb6 {[%clk 0:12:06]} 26. Qc5 {[%clk 0:34:44]}  Qa6 {[%clk 0:12:30]} 27. Nb4 {[%clk 0:33:51]}  Qxe2 {[%clk 0:11:19]} 28. Qxb6 {[%clk 0:32:44]}  Qxb2 {[%clk 0:11:46]} 29. Rd1 {[%clk 0:30:19]}  a3 {[%clk 0:11:55]} 30. Qb7 {[%clk 0:27:54]}  Rf8 {[%clk 0:11:07]} 31. Kg2 {[%clk 0:26:45]}  a2 {[%clk 0:10:12]} 32. Nxa2 {[%clk 0:27:04]}  Qxa2 {[%clk 0:09:19]} 33. Rd3 {[%clk 0:27:19]}  b2 {[%clk 0:08:48]} 34. Rb3 {[%clk 0:27:42]}  Qa4 {[%clk 0:09:05]} 35. Rxb2 {[%clk 0:25:36]}  Qxd4 {[%clk 0:09:29]} 36. Rb1 {[%clk 0:25:35]}  Rd8 {[%clk 0:07:58]} 37. Rc1 {[%clk 0:23:36]}  g5 {[%clk 0:06:15]} 38. Rc8 {[%clk 0:23:33]}  Rxc8 {[%clk 0:06:36]} 39. Qxc8+ {[%clk 0:23:58]}  Kg7 {[%clk 0:07:03]} 40. h3 {[%clk 0:24:05]}  h5 {[%clk 0:07:05]} 41. Qc7 {[%clk 0:23:54]}  h4 {[%clk 0:06:54]} 42. g4 {[%clk 0:23:04]}  Qe4+ {[%clk 0:06:48]} 43. Kg1 {[%clk 0:23:26]}  Qf3 {[%clk 0:06:56]} 44. Qe5+ {[%clk 0:22:52]}  Kg6 {[%clk 0:05:50]} 45. Qh8 {[%clk 0:22:44]}  Qxh3 {[%clk 0:04:32]} 46. Qg8+ {[%clk 0:20:47]}  Kf6 {[%clk 0:04:58]} 47. Qd8+ {[%clk 0:21:05]}  Kg6 {[%clk 0:04:25]} 48. Qg8+ {[%clk 0:21:29]}  Kf6 {[%clk 0:04:53]} 49. Qd8+ {[%clk 0:21:54]}  Ke5 {[%clk 0:05:20]} 50. Qc7+ {[%clk 0:21:50]}  Ke4 {[%clk 0:05:08]} 51. Qc4+ {[%clk 0:21:53]}  Kf3 {[%clk 0:02:58]} 52. Qd3+ {[%clk 0:22:09]}  Kxg4 {[%clk 0:03:23]} 53. Qe4+ {[%clk 0:22:35]}  Kh5 {[%clk 0:03:47]} 54. Qh7+ {[%clk 0:22:58]}  Kg4 {[%clk 0:04:12]} 55. Qe4+ {[%clk 0:23:21]}  Kh5 {[%clk 0:04:39]} 1/2-1/2

[Event "Open"]
[Site "Maastricht, NL"]
[Date "2025.06.07"]
[Round "2"]
[White "Harff, Marcel"]
[Black "Warmerdam, Max"]
[Result "0-1"]
[Board "1"]
[WhiteFideId "24621382"]
[BlackFideId "1048104"]
[WhiteTitle "FM"]
[BlackTitle "GM"]
[WhiteElo "2315"]
[BlackElo "2613"]
[WhiteTeam "GER"]
[BlackTeam "NED"]
[WhiteClock "0:13:23"]
[BlackClock "0:01:57"]
[Variant "Standard"]

1. c4 {[%clk 1:30:56]}  e6 {[%clk 1:26:55]} 2. Nf3 {[%clk 1:31:05]}  d5 {[%clk 1:27:10]} 3. e3 {[%clk 1:31:21]}  Nf6 {[%clk 1:27:24]} 4. b3 {[%clk 1:31:44]}  b6 {[%clk 1:26:54]} 5. Bb2 {[%clk 1:31:58]}  Bb7 {[%clk 1:27:09]} 6. Be2 {[%clk 1:32:20]}  Nbd7 {[%clk 1:22:21]} 7. O-O {[%clk 1:31:07]}  Bd6 {[%clk 1:22:02]} 8. Nc3 {[%clk 1:28:36]}  a6 {[%clk 1:19:53]} 9. Qc2 {[%clk 1:25:25]}  O-O {[%clk 1:18:43]} 10. d4 {[%clk 1:24:23]}  Re8 {[%clk 1:12:50]} 11. Rfd1 {[%clk 1:16:42]}  dxc4 {[%clk 0:56:34]} 12. bxc4 {[%clk 1:16:40]}  c5 {[%clk 0:56:57]} 13. a4 {[%clk 1:02:08]}  cxd4 {[%clk 0:55:45]} 14. Rxd4 {[%clk 1:00:44]}  Qc7 {[%clk 0:52:29]} 15. Ba3 {[%clk 0:57:56]}  Bxa3 {[%clk 0:42:51]} 16. Rxa3 {[%clk 0:57:42]}  Rac8 {[%clk 0:36:48]} 17. a5 {[%clk 0:48:11]}  bxa5 {[%clk 0:36:04]} 18. Qa2 {[%clk 0:48:25]}  Nb8 {[%clk 0:09:31]} 19. h3 {[%clk 0:40:46]}  Nc6 {[%clk 0:08:52]} 20. Rd1 {[%clk 0:40:18]}  Nb4 {[%clk 0:09:04]} 21. Qb3 {[%clk 0:40:22]}  Bxf3 {[%clk 0:05:25]} 22. Bxf3 {[%clk 0:31:09]}  Qxc4 {[%clk 0:04:24]} 23. Qxc4 {[%clk 0:31:34]}  Rxc4 {[%clk 0:04:51]} 24. Na2 {[%clk 0:31:57]}  Rc2 {[%clk 0:01:48]} 25. Ra1 {[%clk 0:24:49]}  g6 {[%clk 0:01:11]} 26. Rxa5 {[%clk 0:22:20]}  Nd3 {[%clk 0:01:34]} 27. Ra3 {[%clk 0:20:10]}  Nxf2 {[%clk 0:01:28]} 28. Nb4 {[%clk 0:19:39]}  Rb2 {[%clk 0:01:23]} 29. Nc6 {[%clk 0:19:50]}  N2e4 {[%clk 0:00:54]} 30. Rxa6 {[%clk 0:19:39]}  Ng5 {[%clk 0:01:15]} 31. Rf1 {[%clk 0:19:32]}  Kg7 {[%clk 0:01:22]} 32. Ra7 {[%clk 0:17:41]}  Rc8 {[%clk 0:01:24]} 33. Ne5 {[%clk 0:18:06]}  Rb5 {[%clk 0:01:32]} 34. Nd7 {[%clk 0:15:54]}  Rf5 {[%clk 0:01:17]} 35. Nxf6 {[%clk 0:14:04]}  Rxf6 {[%clk 0:01:45]} 36. Ba8 {[%clk 0:13:21]}  Rxf1+ {[%clk 0:02:07]} 37. Kxf1 {[%clk 0:13:45]}  h5 {[%clk 0:02:22]} 38. h4 {[%clk 0:14:09]}  Nh7 {[%clk 0:02:45]} 39. Bf3 {[%clk 0:14:12]}  Rc2 {[%clk 0:03:02]} 40. Rb7 {[%clk 0:13:22]}  Nf6 {[%clk 0:03:17]} 41. Ra7 {[%clk 0:13:20]}  Rc4 {[%clk 0:03:23]} 42. g3 {[%clk 0:13:44]}  Rc2 {[%clk 0:03:49]} 43. Rb7 {[%clk 0:14:09]}  Ng8 {[%clk 0:02:46]} 44. g4 {[%clk 0:14:02]}  hxg4 {[%clk 0:02:30]} 45. Bxg4 {[%clk 0:14:26]}  Kf6 {[%clk 0:02:52]} 46. h5 {[%clk 0:14:37]}  g5 {[%clk 0:02:10]} 47. e4 {[%clk 0:13:15]}  Nh6 {[%clk 0:02:08]} 48. Be2 {[%clk 0:13:30]}  Rc5 {[%clk 0:01:55]} 49. Kf2 {[%clk 0:13:23]}  g4 {[%clk 0:01:57]} 0-1

[Event "Open"]
[Site "Maastricht, NL"]
[Date "2025.06.07"]
[Round "2"]
[White "Bok, Benjamin"]
[Black "Ritzerveld, Noah"]
[Result "1-0"]
[Board "2"]
[WhiteFideId "1017063"]
[BlackFideId "1085760"]
[WhiteTitle "GM"]
[BlackTitle "FM"]
[WhiteElo "2582"]
[BlackElo "2298"]
[WhiteTeam "NED"]
[BlackTeam "NED"]
[WhiteClock "0:02:43"]
[BlackClock "0:02:56"]
[Variant "Standard"]

1. Nf3 {[%clk 1:18:24]}  d5 {[%clk 1:30:45]} 2. g3 {[%clk 1:17:43]}  g6 {[%clk 1:30:25]} 3. c4 {[%clk 1:13:20]}  dxc4 {[%clk 1:29:19]} 4. Na3 {[%clk 1:11:57]}  Bg7 {[%clk 1:28:41]} 5. Nxc4 {[%clk 1:12:21]}  Nc6 {[%clk 1:28:40]} 6. d3 {[%clk 1:12:14]}  e5 {[%clk 1:28:51]} 7. Bd2 {[%clk 1:12:29]}  Nge7 {[%clk 1:28:48]} 8. Bg2 {[%clk 1:11:37]}  O-O {[%clk 1:28:20]} 9. b4 {[%clk 1:00:33]}  a6 {[%clk 1:19:51]} 10. O-O {[%clk 0:50:53]}  Be6 {[%clk 1:18:57]} 11. Rc1 {[%clk 0:47:10]}  Qd7 {[%clk 1:14:39]} 12. a4 {[%clk 0:44:27]}  Rad8 {[%clk 1:03:48]} 13. b5 {[%clk 0:37:34]}  axb5 {[%clk 0:59:38]} 14. axb5 {[%clk 0:38:02]}  Nd4 {[%clk 0:59:27]} 15. Nfxe5 {[%clk 0:38:04]}  Qxb5 {[%clk 0:57:01]} 16. Rb1 {[%clk 0:35:37]}  Qe8 {[%clk 0:55:27]} 17. Bxb7 {[%clk 0:35:08]}  Nec6 {[%clk 0:50:03]} 18. Nxc6 {[%clk 0:33:07]}  Nxc6 {[%clk 0:50:27]} 19. Na5 {[%clk 0:30:49]}  Nxa5 {[%clk 0:47:23]} 20. Bxa5 {[%clk 0:31:17]}  Bg4 {[%clk 0:46:36]} 21. Re1 {[%clk 0:30:35]}  Qe5 {[%clk 0:46:05]} 22. Qd2 {[%clk 0:29:35]}  Rfe8 {[%clk 0:45:35]} 23. Rbc1 {[%clk 0:25:09]}  Re7 {[%clk 0:40:15]} 24. Bg2 {[%clk 0:20:12]}  h5 {[%clk 0:33:30]} 25. Bb4 {[%clk 0:14:31]}  Ree8 {[%clk 0:32:19]} 26. h3 {[%clk 0:14:21]}  Bf5 {[%clk 0:30:27]} 27. Bc3 {[%clk 0:13:31]}  Qd6 {[%clk 0:29:47]} 28. Bxg7 {[%clk 0:11:33]}  Kxg7 {[%clk 0:30:09]} 29. h4 {[%clk 0:10:50]}  Kg8 {[%clk 0:28:53]} 30. Bf3 {[%clk 0:08:58]}  Be4 {[%clk 0:27:00]} 31. Bxe4 {[%clk 0:06:07]}  Rxe4 {[%clk 0:27:24]} 32. Rc3 {[%clk 0:01:01]}  Re7 {[%clk 0:18:52]} 33. Rec1 {[%clk 0:00:55]}  Rde8 {[%clk 0:19:05]} 34. e3 {[%clk 0:00:59]}  Rb8 {[%clk 0:18:00]} 35. d4 {[%clk 0:01:03]}  Rb7 {[%clk 0:17:49]} 36. Qd1 {[%clk 0:01:04]}  Qd5 {[%clk 0:17:32]} 37. Qf1 {[%clk 0:00:57]}  Ra7 {[%clk 0:16:53]} 38. Qg2 {[%clk 0:00:46]}  Qd7 {[%clk 0:16:24]} 39. Qf3 {[%clk 0:00:48]}  Re6 {[%clk 0:12:45]} 40. Kg2 {[%clk 0:00:43]}  Rea6 {[%clk 0:11:25]} 41. Rc5 {[%clk 0:00:32]}  Ra1 {[%clk 0:10:30]} 42. Qf4 {[%clk 0:00:36]}  Rxc1 {[%clk 0:10:22]} 43. Rxc1 {[%clk 0:01:05]}  Qd5+ {[%clk 0:09:18]} 44. Qf3 {[%clk 0:01:30]}  Qd8 {[%clk 0:09:13]} 45. Qc6 {[%clk 0:00:55]}  Qb8 {[%clk 0:07:45]} 46. Rc5 {[%clk 0:00:58]}  Qc8 {[%clk 0:06:33]} 47. Re5 {[%clk 0:00:34]}  Kg7 {[%clk 0:03:51]} 48. Qe4 {[%clk 0:00:56]}  Ra6 {[%clk 0:03:47]} 49. Re8 {[%clk 0:00:34]}  Qd7 {[%clk 0:03:23]} 50. Re7 {[%clk 0:00:58]}  Qd6 {[%clk 0:02:31]} 51. Qe5+ {[%clk 0:00:51]}  Qxe5 {[%clk 0:02:44]} 52. Rxe5 {[%clk 0:01:20]}  Rd6 {[%clk 0:01:44]} 53. Kf3 {[%clk 0:01:11]}  Kf6 {[%clk 0:02:02]} 54. Rc5 {[%clk 0:00:42]}  c6 {[%clk 0:01:17]} 55. Ke4 {[%clk 0:00:32]}  Ke6 {[%clk 0:01:04]} 56. Ra5 {[%clk 0:00:32]}  Kd7 {[%clk 0:00:46]} 57. Ra7+ {[%clk 0:00:56]}  Ke6 {[%clk 0:01:08]} 58. Rc7 {[%clk 0:01:11]}  Kf6 {[%clk 0:00:38]} 59. Kd3 {[%clk 0:01:16]}  Kg7 {[%clk 0:00:41]} 60. e4 {[%clk 0:01:05]}  Rf6 {[%clk 0:00:40]} 61. f4 {[%clk 0:01:24]}  Kf8 {[%clk 0:01:01]} 62. e5 {[%clk 0:01:42]}  Re6 {[%clk 0:01:25]} 63. Kc4 {[%clk 0:01:56]}  Re8 {[%clk 0:01:04]} 64. Rxc6 {[%clk 0:01:57]}  Ra8 {[%clk 0:01:30]} 65. d5 {[%clk 0:01:41]}  Ra3 {[%clk 0:01:53]} 66. d6 {[%clk 0:01:44]}  Ke8 {[%clk 0:02:15]} 67. Rc8+ {[%clk 0:01:55]}  Kd7 {[%clk 0:02:40]} 68. Rf8 {[%clk 0:02:07]}  f5 {[%clk 0:02:36]} 69. Rf7+ {[%clk 0:02:24]}  Ke8 {[%clk 0:02:56]} 70. e6 {[%clk 0:02:43]} 1-0